Severoslovenské celulózky a papierne rozbehli veľké investície v energetike, ekológii a modernizácii výroby
Situácia v akciovej spoločnosti Severoslovenské celulózky a papierne (SCP) Ružomberok v r. 1996. Hospodárske ukazovatele SCP, a.s., Ružomberok v r. 1994-1997. SCP investujú miliardy korún na modernizáciu výroby, ekológiu. SCP sa zameriavajú na zvyšovanie kvality a získavanie medzinárodne uznávaných...
Saved in:
| Main Author: | |
|---|---|
| Format: | Book Chapter |
| Language: | Slovak |
| Subjects: | |
| Tags: |
No Tags, Be the first to tag this record!
|
MARC
| LEADER | 00000naa a2200000 4500 | ||
|---|---|---|---|
| 001 | r025285 | ||
| 005 | 20230921080608.1 | ||
| 041 | 0 | |a slo | |
| 044 | |a SK | ||
| 245 | 1 | 0 | |a Severoslovenské celulózky a papierne rozbehli veľké investície v energetike, ekológii a modernizácii výroby |c Š. Kuča |
| 520 | |a Situácia v akciovej spoločnosti Severoslovenské celulózky a papierne (SCP) Ružomberok v r. 1996. Hospodárske ukazovatele SCP, a.s., Ružomberok v r. 1994-1997. SCP investujú miliardy korún na modernizáciu výroby, ekológiu. SCP sa zameriavajú na zvyšovanie kvality a získavanie medzinárodne uznávaných certifikátov. Zisk spoločnosti v r. 1996. Privatizácia spoločnosti. | ||
| 610 | 2 | 0 | |a priemysel papiernický |
| 610 | 2 | 0 | |a priemysel celulózový |
| 610 | 2 | 0 | |a investície |
| 610 | 2 | 0 | |a ekológia |
| 610 | 2 | 0 | |a modernizácia |
| 610 | 2 | 0 | |a výroba |
| 610 | 2 | 0 | |a certifikáty |
| 610 | 2 | 0 | |a zisk |
| 610 | 2 | 0 | |a privatizácia |
| 610 | 2 | 0 | |a Severoslovenské celulózky a papierne, a.s. Ružomberok |
| 610 | 2 | 0 | |a 1996 |
| 100 | 1 | |a Kuča, Š. | |